Statistics for UEFA European Championship Final Hosts

Click here to take the quiz!

General Stats

  • This quiz has been taken 25 times
    (11 since last reset)
  • The average score is 12 of 17

Answer Stats

YearWinnerFinal City% Correct
2020ItalyLondon
100%
2016PortugalParis
100%
2004GreeceLisbon
88%
1996GermanyLondon
88%
1964SpainMadrid
88%
1984FranceParis
88%
1968ItalyRome
88%
2008SpainVienna
88%
1976Czech RepublicBelgrade
75%
1960RussiaParis
75%
2000FranceRotterdam
75%
2012SpainKyiv
63%
1988NetherlandsMunich
63%
1972GermanyBrussels
50%
1980GermanyRome
50%
2024Germany
13%
1992DenmarkGothenburg
13%

Score Distribution

Percentile by Number Answered

Percent of People with Each Score

Your Score History

You have not taken this quiz since the last reset